The spirit of Christ (Record no. 222329)

MARC details
000 -LEADER
fixed length control field 00278nam a2200097Ia 4500
082 ## - DEWEY DECIMAL CLASSIFICATION NUMBER
Classification number 241.1|MURR
008 - FIXED-LENGTH DATA ELEMENTS--GENERAL INFORMATION
fixed length control field 210817s9999 xx 000 0 und d
100 ## - MAIN ENTRY--PERSONAL NAME
Personal name Murray, Andrew, , 1828-1917 Springdale, PA., c.1984 Rev
9 (RLIN) 68807
245 #0 - TITLE STATEMENT
Title The spirit of Christ
942 ## - ADDED ENTRY ELEMENTS
item type Books
Holdings
Withdrawn status Lost status Damaged status Not for loan Home library Current library Date acquired Cost, normal purchase price Total Checkouts Barcode Date last seen Price effective from item type
        Emthonjeni PL (MMID-PLEMA-EMTH) Emthonjeni PL (MMID-PLEMA-EMTH) 18.08.2021 120.00   33228021902000 18.08.2021 18.08.2021 Books